000 05677nam a22005537a 4500
005 20101016103610.0
010 _aB-417543-568
020 _a9788131512302
_c399.00
035 _aB-417543-568
037 _bAsian Book Centre
082 _a604.2
245 _aEngineering graphics /
_cby David L. Goetsch...[et al]
_b
260 _aNew Delhi
_bCengage Learning India
_c2010
270 _a418, F.OI.E. Patparganj
_bNew Delhi
_e110092
300 _a782p.
_c26cm(pbk)
500 _aIncludes index
700 _aGoetsch, David L.
_923562
700 _aChalk, William S.
_923563
700 _aNelson, John A.
_923564
700 _aRickman, Raymond L.
_923565
942 _2ddc
_cEN
_mENG
_h604.2
999 _c35781
_d35781